000 00423nam a2200157Ia 4500
999 _c14615
_d14615
082 _aTT.0025
100 _aTyagi, Pramod Kumar
245 0 _aGrowth and prospects of potato-farming in the Hapur Zone
260 _c1988
_bMeerut University
300 _a181p.
650 _aPOTATOES - MARKETING
650 _aPOTATOES - PRICES - UTTAR PRADESH - HAPUR
710 _aLal, A.B.
710 _aTyagi, R.C.
942 _cTH
_2ddc